Ciencias sociales 4 : (Registro nro. 46692)
[ vista simple ]
| 000 -CABECERA | |
|---|---|
| campo de control de longitud fija | 01227nam a2200301 a 4500 |
| 001 - NÚMERO DE CONTROL | |
| campo de control | 000047204 |
| 005 - FECHA Y HORA DE LA ÚLTIMA TRANSACCIÓN | |
| campo de control | 20201002053438.0 |
| 008 - DATOS DE LONGITUD FIJA--INFORMACIÓN GENERAL | |
| campo de control de longitud fija | 180417s2017 dr abc 000 0 spa d |
| 020 ## - NÚMERO INTERNACIONAL ESTÁNDAR DEL LIBRO | |
| Número Internacional Estándar del Libro | 9789945195378 (v.1) |
| 020 ## - NÚMERO INTERNACIONAL ESTÁNDAR DEL LIBRO | |
| Número Internacional Estándar del Libro | 9789945194890 (v. 2) |
| 040 ## - FUENTE DE LA CATALOGACIÓN | |
| Centro catalogador/agencia de origen | DO-SdBNP |
| Lengua de catalogación | spa |
| Centro/agencia transcriptor | BNPHU |
| 082 ## - NÚMERO DE LA CLASIFICACIÓN DECIMAL DEWEY | |
| Número de clasificación | xx |
| Número de documento/Ítem | xx |
| 100 1# - ENTRADA PRINCIPAL--NOMBRE DE PERSONA | |
| Nombre de persona | Capellán, Fanny |
| 9 (RLIN) | 29250 |
| 245 10 - MENCIÓN DE TÍTULO | |
| Título | Ciencias sociales 4 : |
| Resto del título | educación primaria / |
| Mención de responsabilidad, etc. | texto Fanny Capellán, Eris Castro ; ilustración Ruddy Núñez... [et.al]; dirección editorial Claudia Llibre. |
| 250 ## - MENCIÓN DE EDICIÓN | |
| Mención de edición | 2a. ed. |
| 260 ## - PUBLICACIÓN, DISTRIBUCIÓN, ETC. | |
| Lugar de publicación, distribución, etc. | Santo Domingo : |
| Nombre del editor, distribuidor, etc. | Santillana, |
| Fecha de publicación, distribución, etc. | 2017. |
| 202 ## - | |
| -- | 9789945192827 (v. 3) |
| 300 ## - DESCRIPCIÓN FÍSICA | |
| Extensión | v. : |
| Otras características físicas | il. ; |
| Dimensiones | 29 cm.+ |
| Material acompañante/anejo | CD-ROM |
| 490 1# - MENCIÓN DE SERIE | |
| Mención de serie | Proyecto todos juntos |
| 500 ## - NOTA GENERAL | |
| Nota general | Actualización según el nuevo diseño curricular oficial |
| 505 0# - NOTA DE CONTENIDO CON FORMATO | |
| Nota de contenido con formato | v.1 : |
| Título | Libro de texto |
| Información miscelánea | v. 2 : |
| Título | Guía de recursos didácticos : segundo ciclo educación primaria |
| Información miscelánea | v. : |
| Título | Cuaderno de fichas de actividades educación primaria |
| 590 ## - NOTA LOCAL (RLIN) | |
| Nota local | Inventariado, 2018/VM |
| 700 1# - PUNTO DE ACCESO ADICIONAL--NOMBRE DE PERSONA | |
| Nombre de persona | Castro, Eric |
| 9 (RLIN) | 64737 |
| 700 1# - PUNTO DE ACCESO ADICIONAL--NOMBRE DE PERSONA | |
| Nombre de persona | Núñez, Ruddy |
| Término indicativo de función/relación | ils. |
| 9 (RLIN) | 23171 |
| 700 1# - PUNTO DE ACCESO ADICIONAL--NOMBRE DE PERSONA | |
| Nombre de persona | Llibre, Claudia |
| Término indicativo de función/relación | dir. |
| 9 (RLIN) | 30462 |
| 710 2# - PUNTO DE ACCESO ADICIONAL--NOMBRE DE ENTIDAD CORPORATIVA | |
| Nombre de entidad corporativa o nombre de jurisdicción como elemento de entrada | Editorial Santillana (República Dominicana) |
| 9 (RLIN) | 74902 |
| 830 00 - PUNTO DE ACCESO ADICIONAL DE SERIE-TÍTULO UNIFORME | |
| Título uniforme | Proyecto todos juntos |
| 9 (RLIN) | 30856 |
| Estado de retiro | Estado de pérdida | No para préstamo | Código de colección | Localización permanente | Ubicación/localización actual | Ubicación en estantería | Fecha de adquisición | Número de inventario | Total de préstamos | Signatura topográfica completa | Código de barras | Fecha visto por última vez | Precio válido a partir de | Tipo de ítem Koha |
|---|---|---|---|---|---|---|---|---|---|---|---|---|---|---|
| Excluido de préstamo | Patrimonio Dominicano | Patrimonio Dominicano | Patrimonio Dominicano | Depósito | 24.04.2018 | LF1 | v. 1 | 47204-10 | 25.06.2020 | 25.06.2020 | Libro y Folleto Colección Patrimonio Dominicano | |||
| Excluido de préstamo | Patrimonio Dominicano | Patrimonio Dominicano | Patrimonio Dominicano | Depósito | 24.04.2018 | LF1 | v. 1, e. 2 | 47204-20 | 25.06.2020 | 25.06.2020 | Libro y Folleto Colección Patrimonio Dominicano | |||
| Excluido de préstamo | Patrimonio Dominicano | Patrimonio Dominicano | Patrimonio Dominicano | Depósito | 28.11.2018 | LF1 | v. 2 | 47204-40 | 25.06.2020 | 25.06.2020 | Libro y Folleto Colección Patrimonio Dominicano | |||
| Excluido de préstamo | Patrimonio Dominicano | Patrimonio Dominicano | Patrimonio Dominicano | Depósito | 28.11.2018 | LF1 | v. 3 | 47204-50 | 25.06.2020 | 25.06.2020 | Libro y Folleto Colección Patrimonio Dominicano | |||
| Excluido de préstamo | Patrimonio Dominicano | Patrimonio Dominicano | Patrimonio Dominicano | Depósito | 28.11.2018 | LF1 | v. 3, e. 2 | 47204-60 | 25.06.2020 | 25.06.2020 | Libro y Folleto Colección Patrimonio Dominicano |
